[Event "CN Seniori 2012"]
[Site "Sarata Monteoru/Romania"]
[Date "2012.02.13"]
[Round "1.29"]
[White "Mirauta, Stefano-Marius"]
[Black "Ciobanu, Aurelian"]
[Result "0-1"]
[WhiteElo "1823"]
[BlackElo "2276"]
[PlyCount "76"]
[EventDate "2012.??.??"]

1. e4 Nc6 2. c3 d5 3. exd5 Qxd5 4. d4 e5 5. Be3 exd4 6. cxd4 Nf6 7. Nc3 Bb4 8.
a3 Bxc3+ 9. bxc3 Qa5 10. Qc2 Bf5 11. Bd3 Bxd3 12. Qxd3 O-O 13. Ne2 Rad8 14. O-O
Ne5 15. Qf5 Nc4 16. Qxa5 Nxa5 17. Bg5 Rd6 18. Nf4 Re8 19. Bxf6 gxf6 20. Rfe1
Kf8 21. Kf1 Rc6 22. Rxe8+ Kxe8 23. Nd5 Kd7 24. Rc1 Nc4 25. a4 Ra6 26. Ra1 b5
27. a5 Rxa5 28. Rxa5 Nxa5 29. Nxf6+ Ke7 30. Nxh7 f6 31. g4 Nc4 32. g5 Nd2+ 33.
Ke2 Ne4 34. gxf6+ Kf7 35. Ke3 Nxc3 36. Ng5+ Kxf6 37. Ne4+ Nxe4 38. Kxe4 b4 0-1

[Event "CN Seniori 2012"]
[Site "Sarata Monteoru/Romania"]
[Date "2012.02.13"]
[Round "1.30"]
[White "Pessi, Emil-George"]
[Black "Patrascu, Catalin-Lucian"]
[Result "1-0"]
[WhiteElo "2272"]
[BlackElo "1816"]
[PlyCount "75"]
[EventDate "2012.??.??"]

1. e4 c5 2. Nc3 Nc6 3. f4 g6 4. Nf3 Bg7 5. Bb5 a6 6. Bxc6 bxc6 7. d3 d6 8. O-O
e6 9. Qe1 Ne7 10. Be3 Rb8 11. b3 Qa5 12. e5 d5 13. Ne4 Qxe1 14. Nd6+ Kd7 15.
Raxe1 d4 16. Bd2 f5 17. exf6 Bxf6 18. Ne4 Nd5 19. Nxc5+ Ke7 20. Re2 Nc7 21.
Rfe1 Rb5 22. Ne4 Bg7 23. a4 Rb8 24. Nc5 Kd6 25. Ba5 Kxc5 26. Bxc7 Rb7 27. Be5
Rd8 28. b4+ Kd5 29. Bxg7 Rxg7 30. Re5+ Kd6 31. Nxd4 Rf7 32. g3 Rf6 33. Nb3 Re8
34. Nc5 Kc7 35. c3 Rd8 36. d4 Re8 37. Kg2 h6 38. h4 1-0

[Event "CN Seniori 2012"]
[Site "Sarata Monteoru/Romania"]
[Date "2012.02.13"]
[Round "1.31"]
[White "Gavrilescu, David"]
[Black "Gilea, Lucian"]
[Result "0-1"]
[WhiteElo "1800"]
[BlackElo "2261"]
[PlyCount "56"]
[EventDate "2012.??.??"]

1. e4 c5 2. c4 Nc6 3. Nc3 g6 4. g3 Bg7 5. Bg2 d6 6. Nge2 h5 7. d3 h4 8. Be3 Ne5
9. Bf4 h3 10. Bxe5 hxg2 11. Rg1 Bxe5 12. Rxg2 Bg4 13. Qb3 Bf3 14. Rg1 Rxh2 15.
Qxb7 Rb8 16. Qc6+ Qd7 17. Qxd7+ Kxd7 18. Rb1 Nf6 19. b3 Ng4 20. Nd1 Rbh8 21. b4
Rh1 22. Rxh1 Rxh1+ 23. Kd2 Nxf2 24. bxc5 Rxd1+ 25. Rxd1 Nxd1 26. Kxd1 dxc5 27.
Kd2 Bxe2 28. Kxe2 Bxg3 0-1

[Event "CN Seniori 2012"]
[Site "Sarata Monteoru/Romania"]
[Date "2012.02.13"]
[Round "1.32"]
[White "Pop, Alexandru"]
[Black "Deac, Bogdan-Daniel"]
[Result "1/2-1/2"]
[WhiteElo "2254"]
[BlackElo "1795"]
[PlyCount "124"]
[EventDate "2012.??.??"]

1. Nf3 Nf6 2. g3 g6 3. Bg2 Bg7 4. c4 O-O 5. O-O d6 6. d4 Nbd7 7. Nc3 e5 8. e4
exd4 9. Nxd4 Nb6 10. b3 Bd7 11. Rb1 Qc8 12. a4 Bh3 13. a5 Bxg2 14. Kxg2 Nbd7
15. f3 Re8 16. Nd5 c6 17. Nxf6+ Nxf6 18. Bf4 Qd7 19. Qd2 d5 20. cxd5 cxd5 21.
e5 Nh5 22. Rfe1 Nxf4+ 23. gxf4 Bh6 24. Rbc1 a6 25. Kg3 Rac8 26. Rxc8 Qxc8 27.
b4 Qb8 28. Nb3 Rd8 29. Rc1 Bf8 30. Qd4 Rc8 31. Nc5 Bxc5 32. bxc5 Qc7 33. Qxd5
Qxa5 34. e6 Qc7 35. Re1 fxe6 36. Qxe6+ Kg7 37. Rd1 Rd8 38. Rd6 Rxd6 39. cxd6
Qd8 40. d7 Kf8 41. h4 Qe7 42. f5 Qxe6 43. fxe6 Ke7 44. Kf4 b5 45. Ke4 b4 46.
Kd4 a5 47. Kc4 h6 48. h5 g5 49. Kc5 b3 50. Kc6 b2 51. Kc7 b1=Q 52. d8=Q+ Kxe6
53. Qd6+ Kf7 54. Qxh6 Qf5 55. Qc6 Kg7 56. Kb6 Qf6 57. Qxf6+ Kxf6 58. Kxa5 Kg7
59. Kb5 Kh6 60. Kc5 Kxh5 61. Kd5 g4 62. fxg4+ Kxg4 1/2-1/2

[Event "CN Seniori 2012"]
[Site "Sarata Monteoru/Romania"]
[Date "2012.02.13"]
[Round "1.33"]
[White "Coman, Liviu"]
[Black "Mosnegutu, Klauss"]
[Result "0-1"]
[WhiteElo "1794"]
[BlackElo "2246"]
[PlyCount "70"]
[EventDate "2012.??.??"]

1. Nf3 Nf6 2. d4 e6 3. c4 b6 4. Nc3 Bb4 5. a3 Bxc3+ 6. bxc3 Ne4 7. Qc2 Bb7 8.
e3 f5 9. Be2 O-O 10. a4 d6 11. Ba3 Nd7 12. O-O a5 13. Nd2 Qg5 14. d5 exd5 15.
cxd5 Bxd5 16. Bc4 Bxc4 17. Nxc4 Qf6 18. Rac1 Qe6 19. Qb3 d5 20. Nb2 Nd2 21. Qc2
Nxf1 22. Bxf8 Nxe3 23. Qe2 Kxf8 24. fxe3 Re8 25. Re1 Nc5 26. Qc2 Qe4 27. Qd1
Kg8 28. Kf2 c6 29. g3 Qe5 30. Qd4 Qe6 31. c4 Qh6 32. Kg2 Re4 33. Qd1 Qe6 34.
cxd5 Qxd5 35. Qc2 Rc4+ 0-1

[Event "CN Seniori 2012"]
[Site "Sarata Monteoru/Romania"]
[Date "2012.02.13"]
[Round "1.34"]
[White "Spulber, Cicirone"]
[Black "Olinici, Emanuel"]
[Result "1-0"]
[WhiteElo "2244"]
[BlackElo "1794"]
[PlyCount "111"]
[EventDate "2012.??.??"]

1. c4 e6 2. Nf3 d5 3. g3 c6 4. Qc2 Nf6 5. Bg2 Bd6 6. d4 O-O 7. Nbd2 Nbd7 8. O-O
c5 9. cxd5 exd5 10. b3 Re8 11. e3 b6 12. Bb2 Ba6 13. Rfc1 Rc8 14. Qd1 Rc7 15.
dxc5 bxc5 16. Nc4 Rc6 17. Nxd6 Rxd6 18. Rc2 Ne4 19. Bf1 Bxf1 20. Qxf1 Ndf6 21.
Nd2 Nxd2 22. Rxd2 Ne4 23. Rd3 Qg5 24. Rad1 Qh5 25. Qg2 Ng5 26. g4 Nh3+ 27. Kf1
Qh6 28. Rxd5 Rxd5 29. Qxd5 Qh4 30. Qf3 h5 31. gxh5 c4 32. Qg3 Qxg3 33. hxg3
cxb3 34. axb3 Rb8 35. Rd3 Rb5 36. g4 f5 37. f3 fxg4 38. fxg4 Kf8 39. Bd4 a5 40.
Rc3 Ng5 41. Rc8+ Kf7 42. Rc7+ Ke8 43. Rxg7 Ne6 44. Ra7 Nxd4 45. exd4 Kf8 46.
Kf2 Rg5 47. Kf3 Rb5 48. Kf4 Rxb3 49. Rxa5 Rd3 50. Rd5 Rd1 51. Rf5+ Kg7 52. d5
Rd4+ 53. Kg5 Rd1 54. h6+ Kh7 55. Rf7+ Kg8 56. Rd7 1-0

[Event "CN Seniori 2012"]
[Site "Sarata Monteoru/Romania"]
[Date "2012.02.13"]
[Round "1.35"]
[White "Vacar, Gligore"]
[Black "Daianu, Cristian-Clement"]
[Result "0-1"]
[WhiteElo "1788"]
[BlackElo "2242"]
[PlyCount "112"]
[EventDate "2012.??.??"]

1. e4 c5 2. c3 e6 3. d4 d5 4. Bb5+ Bd7 5. Bxd7+ Qxd7 6. exd5 exd5 7. Nf3 Nc6 8.
O-O cxd4 9. Nxd4 Be7 10. Be3 Nf6 11. Re1 O-O 12. Nd2 Rfe8 13. f3 Bc5 14. N2b3
Bb6 15. Nc2 Bc7 16. Qd2 Qf5 17. Nbd4 Qh5 18. Bf4 Ne5 19. b3 Qg6 20. Kh1 Rac8
21. Re2 Ba5 22. Rxe5 Rxe5 23. Bxe5 Bxc3 24. Qd1 Bxa1 25. Nxa1 Qd3 26. Qg1 Qd2
27. Nac2 Rxc2 28. Nxc2 Qxc2 29. Qxa7 Qb1+ 30. Qg1 Qxa2 31. Qa1 Qxa1+ 32. Bxa1
Kf8 33. Kg1 Ke7 34. Kf2 Kd6 35. Bd4 Ne8 36. b4 Kc6 37. Ke3 Kb5 38. Bc3 Kc4 39.
Be1 Nc7 40. Kf4 Na6 41. Ke5 Nxb4 42. Bxb4 Kxb4 43. Kxd5 b5 44. Kd6 Kc4 45. Ke7
f5 46. Kf7 b4 47. Kxg7 b3 48. Kxh7 b2 49. g4 fxg4 50. fxg4 b1=Q+ 51. Kh6 Qh1
52. g5 Qxh2+ 53. Kg7 Qe5+ 54. Kh6 Kd5 55. g6 Ke6 56. g7 Kf7 0-1

[Event "CN Seniori 2012"]
[Site "Sarata Monteoru/Romania"]
[Date "2012.02.13"]
[Round "1.36"]
[White "Paval, George"]
[Black "Andrei, Gheorghe"]
[Result "1-0"]
[WhiteElo "2229"]
[BlackElo "1777"]
[PlyCount "99"]
[EventDate "2012.??.??"]

1. c4 e5 2. g3 c6 3. Nf3 e4 4. Nd4 d5 5. cxd5 cxd5 6. Bg2 Nc6 7. Nxc6 bxc6 8.
O-O f5 9. d4 Nf6 10. Bf4 Be7 11. Nc3 O-O 12. Rc1 Bd7 13. Na4 h6 14. Nc5 Bxc5
15. Rxc5 g5 16. Bd6 Rf7 17. Rc3 Be8 18. Ba3 f4 19. gxf4 gxf4 20. Bh3 Bd7 21.
Kh1 Bxh3 22. Rxh3 Kh7 23. Rg1 Qd7 24. Rh4 Qf5 25. Qc1 Nh5 26. Qxc6 Rc8 27. Qd6
Rcc7 28. Qe5 Qxe5 29. dxe5 Ng7 30. Rhg4 Rc6 31. Bf8 Rcc7 32. Bxg7 Rxg7 33. Rxf4
Rge7 34. Rf5 Rc2 35. f4 Rxb2 36. Rf6 Rxe2 37. e6 Rb2 38. Rgg6 Rb8 39. Kg2 Rg7
40. Rxg7+ Kxg7 41. Rf7+ Kg8 42. f5 Rb2+ 43. Kg3 e3 44. f6 e2 45. Rg7+ Kh8 46.
Kf2 Rb4 47. Rxa7 Re4 48. Ra8+ Kh7 49. Ke1 Rxe6 50. f7 1-0

[Event "CN Seniori 2012"]
[Site "Sarata Monteoru/Romania"]
[Date "2012.02.13"]
[Round "1.37"]
[White "Baciu, Radu-George"]
[Black "Baciu, Stefan"]
[Result "0-1"]
[WhiteElo "1767"]
[BlackElo "2222"]
[PlyCount "154"]
[EventDate "2012.??.??"]

1. e4 d6 2. d4 Nf6 3. Nc3 g6 4. Nf3 Bg7 5. Bc4 c6 6. a4 Qa5 7. Bd2 O-O 8. O-O
Nbd7 9. h3 Qc7 10. Re1 e5 11. Bg5 Re8 12. Bh4 exd4 13. Nxd4 Nc5 14. Qf3 Nh5 15.
Nde2 Be6 16. Bxe6 fxe6 17. g4 Rf8 18. Qe3 Nf6 19. b4 Ncd7 20. Bg3 Ne8 21. Nd4
Bxd4 22. Qxd4 Ne5 23. Bxe5 dxe5 24. Qc4 Qe7 25. Rad1 Nc7 26. Rd3 Rf7 27. Kg2
Raf8 28. f3 Na6 29. Na2 Nc7 30. Qc3 Qg5 31. Nc1 h5 32. Nb3 Qf4 33. Qd2 h4 34.
Qf2 Na6 35. c3 c5 36. Nxc5 Nxc5 37. bxc5 g5 38. Re2 Rc7 39. Red2 Rfc8 40. Rd6
Kf7 41. Rd7+ Kf6 42. R2d6 a5 43. Rxc7 Rxc7 44. Rd8 Qc1 45. Qa2 Qe1 46. Rd2 Qg3+
47. Kf1 Qxh3+ 48. Kf2 Qg3+ 49. Kf1 Qf4 50. Qc2 Qe3 51. Re2 Qxc5 52. Qd2 Qe7 53.
Rh2 Kg6 54. Qc2 Qa3 55. Qd2 Qxc3 56. Qd1 Qe3 57. Rd2 Rf7 58. Rf2 Qd4 59. Qc1
Qxa4 60. Qc8 Qc6 61. Qg8+ Rg7 62. Qh8 a4 63. Qh5+ Kf6 64. Qh6+ Kf7 65. f4 exf4
66. Qh5+ Ke7 67. Qh6 Qc3 68. Rc2 Qxc2 69. Qxg7+ Kd6 70. Qd4+ Kc6 71. e5 Qc1+
72. Kg2 h3+ 73. Kh2 Qc2+ 74. Kxh3 Qb3+ 75. Kg2 Qg3+ 76. Kf1 Qf3+ 77. Ke1 Qe3+
0-1

[Event "CN Seniori 2012"]
[Site "Sarata Monteoru/Romania"]
[Date "2012.02.13"]
[Round "1.39"]
[White "David, Dorian-Ciprian"]
[Black "Prodileanu, Adrian"]
[Result "0-1"]
[WhiteElo "1726"]
[BlackElo "2204"]
[PlyCount "60"]
[EventDate "2012.??.??"]

1. b4 d5 2. Bb2 Qd6 3. a3 e5 4. e3 c6 5. c4 Nf6 6. Nf3 e4 7. c5 Qd8 8. Nd4 Be7
9. d3 O-O 10. Nd2 Re8 11. dxe4 Nxe4 12. Nxe4 dxe4 13. Bc4 Bf6 14. Qb3 Qe7 15.
O-O-O b6 16. h3 bxc5 17. bxc5 Qxc5 18. g4 Ba6 19. Kb1 Qxc4 20. Qxc4 Bxc4 21.
Nf5 Bd3+ 22. Ka2 Bxb2 23. Kxb2 Nd7 24. f3 Rab8+ 25. Kc3 Nb6 26. fxe4 Bxe4 27.
Nd6 Bxh1 28. Nxe8 Na4+ 29. Kd2 Rd8+ 30. Ke2 Bf3+ 0-1

[Event "CN Seniori 2012"]
[Site "Sarata Monteoru/Romania"]
[Date "2012.02.13"]
[Round "1.40"]
[White "Stegariu, Vlad-Ionut"]
[Black "Mihalea, Stefan"]
[Result "1-0"]
[WhiteElo "2202"]
[BlackElo "1723"]
[PlyCount "63"]
[EventDate "2012.??.??"]

1. d4 e6 2. c4 Nf6 3. Nf3 c5 4. d5 exd5 5. cxd5 d6 6. Nc3 Bf5 7. Bg5 Be7 8. e3
O-O 9. Bc4 Nbd7 10. Bf4 a6 11. a4 Nb6 12. Nd2 Re8 13. O-O Ne4 14. Ncxe4 Bxe4
15. Nxe4 Nxc4 16. Qd3 Ne5 17. Bxe5 dxe5 18. d6 b6 19. Rfd1 Bf6 20. a5 Re6 21.
Ra3 g6 22. Rb3 c4 23. Qxc4 Rc8 24. Qxa6 bxa5 25. Rc3 Ra8 26. Nxf6+ Rxf6 27.
Qxa8 Qxa8 28. d7 Qb7 29. d8=Q+ Kg7 30. Rc8 Rf5 31. h4 Qxb2 32. Qf8+ 1-0

[Event "CN Seniori 2012"]
[Site "Sarata Monteoru/Romania"]
[Date "2012.02.13"]
[Round "1.41"]
[White "Ciortan, Mihail"]
[Black "Senetia, Teodor"]
[Result "0-1"]
[WhiteElo "1721"]
[BlackElo "2198"]
[PlyCount "142"]
[EventDate "2012.??.??"]

1. b3 e5 2. Bb2 Nc6 3. c4 d6 4. g3 f5 5. Bg2 Nf6 6. Nc3 Be6 7. d3 d5 8. cxd5
Nxd5 9. Qd2 Be7 10. e3 Qd7 11. Nge2 O-O-O 12. O-O-O Ndb4 13. d4 e4 14. Kb1 Bf7
15. Nc1 Ne5 16. a3 Nbc6 17. Qc2 Ng4 18. h3 Nf6 19. Bf1 Nd5 20. Nxd5 Bxd5 21.
Bc4 Bf6 22. Bxd5 Qxd5 23. Qc5 Qxc5 24. dxc5 Bxb2 25. Kxb2 Ne5 26. Kc2 a5 27.
Rxd8+ Rxd8 28. Rd1 Rxd1 29. Kxd1 Kd7 30. Kc2 Kc6 31. b4 Kd5 32. Kc3 g5 33. h4
axb4+ 34. axb4 gxh4 35. gxh4 Ng4 36. Ne2 Nxf2 37. Nf4+ Ke5 38. Kc4 Nd1 39. Ng2
Nb2+ 40. Kc3 Nd3 41. Kc4 c6 42. b5 f4 43. exf4+ Nxf4 44. bxc6 bxc6 45. Ne3 Nd5
46. Ng2 h5 47. Ne1 Ne3+ 48. Kc3 Kd5 49. Kd2 Nf5 50. Ng2 Kxc5 51. Nf4 Kd4 52.
Nxh5 Nxh4 53. Nf4 Nf3+ 54. Ke2 Ng5 55. Ng2 Ne6 56. Kd2 Ke5 57. Ke3 Nc7 58. Ne1
Nd5+ 59. Ke2 Kd4 60. Kd2 Ne3 61. Ke2 c5 62. Kd2 c4 63. Ke2 c3 64. Kf2 c2 65.
Nxc2+ Nxc2 66. Ke2 e3 67. Kd1 Kd3 68. Kc1 e2 69. Kb2 e1=Q 70. Kb3 Qb1+ 71. Ka4
Qb4# 0-1

[Event "CN Seniori 2012"]
[Site "Sarata Monteoru/Romania"]
[Date "2012.02.13"]
[Round "1.42"]
[White "Horvat, Dan-Sebastian"]
[Black "Ionita, Ioan"]
[Result "1-0"]
[WhiteElo "2197"]
[BlackElo "1720"]
[PlyCount "65"]
[EventDate "2012.??.??"]

1. e4 c5 2. Nf3 d6 3. d4 cxd4 4. Nxd4 Nf6 5. Nc3 a6 6. Bc4 e6 7. Bb3 Be7 8. g4
h6 9. Be3 b5 10. f3 Qc7 11. Qd2 Nc6 12. Nxc6 Qxc6 13. O-O-O a5 14. a4 Ba6 15.
h4 b4 16. Ne2 Bxe2 17. Qxe2 Nd7 18. g5 hxg5 19. hxg5 Rxh1 20. Rxh1 O-O-O 21. g6
f6 22. Bxe6 Kc7 23. b3 Nb6 24. Rh5 Ra8 25. Bd4 Nd7 26. Rb5 Nc5 27. Bd5 Qe8 28.
Bxa8 Qxa8 29. Qc4 Kd7 30. Bxc5 dxc5 31. Qf7 Qc8 32. Qd5+ Ke8 33. Rxa5 1-0

[Event "CN Seniori 2012"]
[Site "Sarata Monteoru/Romania"]
[Date "2012.02.13"]
[Round "1.43"]
[White "Nistor, Stefan"]
[Black "Pribeanu, Mihail-Dacian"]
[Result "0-1"]
[WhiteElo "1707"]
[BlackElo "2186"]
[PlyCount "52"]
[EventDate "2012.??.??"]

1. d4 Nf6 2. c4 g6 3. Nc3 Bg7 4. e4 d6 5. f3 O-O 6. Be3 c6 7. Nge2 a6 8. a3
Nbd7 9. b4 b5 10. c5 Bb7 11. Qc1 dxc5 12. dxc5 a5 13. Ng3 Ne5 14. h4 h5 15. Bd2
axb4 16. axb4 Qd4 17. Na2 Neg4 18. fxg4 Nxg4 19. Ne2 Qxa1 20. Qxa1 Bxa1 21.
Nac1 Rfd8 22. Nb3 Ra2 23. Bf4 e5 24. Bc1 Bb2 25. Bd2 Bc8 26. Na5 Ra1+ 0-1

[Event "CN Seniori 2012"]
[Site "Sarata Monteoru/Romania"]
[Date "2012.02.13"]
[Round "1.45"]
[White "Baciu, Alexandru"]
[Black "Bida, Mihai-Eugen"]
[Result "0-1"]
[WhiteElo "1688"]
[BlackElo "2183"]
[PlyCount "70"]
[EventDate "2012.??.??"]

1. d4 Nf6 2. c4 e6 3. Nf3 c5 4. Nc3 cxd4 5. Nxd4 d5 6. cxd5 exd5 7. Bg5 Be7 8.
e3 O-O 9. Be2 Nc6 10. O-O Be6 11. Rc1 Rc8 12. Bf3 Ne5 13. Be2 Qd7 14. Nxe6 fxe6
15. Bb5 Qd6 16. Bf4 Qb8 17. h3 Bd6 18. Qe2 a6 19. Ba4 b5 20. Bb3 Kh8 21. Rfd1
b4 22. Nb1 Ned7 23. Qxa6 Bxf4 24. exf4 Nc5 25. Qa5 Nxb3 26. axb3 Rxc1 27. Rxc1
Qxf4 28. Rf1 Qd4 29. Qb5 Ne4 30. Qe2 Ng3 31. Qd1 Qc5 32. Re1 Qxf2+ 33. Kh2 Nf1+
34. Kh1 Ng3+ 35. Kh2 Ne4 0-1

[Event "CN Seniori 2012"]
[Site "Sarata Monteoru/Romania"]
[Date "2012.02.13"]
[Round "1.46"]
[White "Tomici, Stefan"]
[Black "Zlatea, Cezar-Stelian"]
[Result "1-0"]
[WhiteElo "2147"]
[BlackElo "1679"]
[PlyCount "71"]
[EventDate "2012.??.??"]

1. e4 e5 2. Nf3 Nc6 3. Bc4 Bc5 4. c3 Nf6 5. d4 exd4 6. e5 d5 7. Bb5 Ne4 8. cxd4
Bb6 9. O-O O-O 10. a4 a6 11. Bxc6 bxc6 12. a5 Ba7 13. Nc3 Bg4 14. Be3 f6 15.
Nxe4 dxe4 16. Qb3+ Qd5 17. Nd2 Qxb3 18. Nxb3 Rab8 19. Nc5 Bxc5 20. dxc5 Rxb2
21. exf6 gxf6 22. h3 Be6 23. Bf4 Rf7 24. Rfd1 Kg7 25. Rd8 Rc2 26. Be3 Bc4 27.
Ra4 Bd3 28. Rb4 Ra2 29. Rbb8 Re7 30. Rh8 Bc4 31. g4 Rxa5 32. h4 Rb5 33. Rbf8 a5
34. Bd4 Rf7 35. Rfg8+ Kh6 36. Be3# 1-0

[Event "CN Seniori 2012"]
[Site "Sarata Monteoru/Romania"]
[Date "2012.02.13"]
[Round "1.47"]
[White "Rosca, Grigore"]
[Black "Malureanu, Costin-George"]
[Result "0-1"]
[WhiteElo "1668"]
[BlackElo "2139"]
[PlyCount "48"]
[EventDate "2012.??.??"]

1. e4 c5 2. d4 cxd4 3. c3 dxc3 4. Nxc3 d6 5. Bc4 Nf6 6. e5 Qc7 7. Qb3 d5 8.
Bb5+ Nfd7 9. Bf4 e6 10. Nge2 Nc6 11. Nxd5 exd5 12. e6 Nde5 13. exf7+ Kxf7 14.
Bxc6 bxc6 15. Qc3 Bd6 16. O-O-O Ba6 17. Bxe5 Bxe5 18. Qf3+ Bf6 19. Nf4 Qe5 20.
Rd2 Rhb8 21. Nd3 Bxd3 22. Qxd3 Bg5 23. f4 Bxf4 24. Rf1 Kg8 0-1

[Event "CN Seniori 2012"]
[Site "Sarata Monteoru/Romania"]
[Date "2012.02.13"]
[Round "1.48"]
[White "Gulie, Cosmin"]
[Black "Soare, Flavius-Alexandru"]
[Result "1-0"]
[WhiteElo "2133"]
[BlackElo "1668"]
[PlyCount "65"]
[EventDate "2012.??.??"]

1. e4 c5 2. c3 Nc6 3. d4 cxd4 4. cxd4 d5 5. exd5 Qxd5 6. Nf3 Bg4 7. Be2 g6 8.
Nc3 Qd7 9. d5 Bxf3 10. gxf3 a6 11. dxc6 Qxc6 12. Qd5 Bg7 13. Qxc6+ bxc6 14. Be3
Rb8 15. O-O-O a5 16. Rd3 Nf6 17. Bd4 O-O 18. Rhd1 Rb4 19. Bc5 Rb7 20. Rd8 Nd5
21. Rxf8+ Kxf8 22. Nxd5 cxd5 23. Rxd5 Bxb2+ 24. Kc2 Bf6 25. Ba3 Rc7+ 26. Rc5
Ra7 27. Bb2 Bxb2 28. Kxb2 Rb7+ 29. Rb5 Rxb5+ 30. Bxb5 e5 31. Ka3 Ke7 32. Ka4
Kd6 33. Kxa5 1-0

[Event "CN Seniori 2012"]
[Site "Sarata Monteoru/Romania"]
[Date "2012.02.13"]
[Round "1.49"]
[White "David, Bogdan-Emanuel"]
[Black "Neagu, Liviu"]
[Result "0-1"]
[WhiteElo "1667"]
[BlackElo "2122"]
[PlyCount "56"]
[EventDate "2012.??.??"]

1. e4 e6 2. d3 d5 3. Nd2 c5 4. g3 h5 5. Ngf3 Be7 6. h4 Nc6 7. Bg2 Nf6 8. O-O e5
9. Re1 d4 10. Nc4 Ng4 11. a4 f6 12. Bd2 Be6 13. b3 Qd7 14. Rc1 Rg8 15. c3 dxc3
16. Rxc3 O-O-O 17. Qc1 Kb8 18. Nh2 g5 19. Nf3 Rdf8 20. Re2 gxh4 21. Nxh4 Nd4
22. Re1 f5 23. exf5 Bxc4 24. dxc4 Bxh4 25. gxh4 Nxf2 26. Kxf2 Qxf5+ 27. Bf4 Qg4
28. Bf3 Rxf4 0-1

[Event "CN Seniori 2012"]
[Site "Sarata Monteoru/Romania"]
[Date "2012.02.13"]
[Round "1.50"]
[White "Stegariu, Alexandru"]
[Black "Chivulescu, Adrian-Alexandru"]
[Result "1-0"]
[WhiteElo "2122"]
[BlackElo "1545"]
[PlyCount "43"]
[EventDate "2012.??.??"]

1. d4 d5 2. c4 e6 3. Nc3 c5 4. e3 Nf6 5. Nf3 Nc6 6. Bd3 Bd6 7. O-O O-O 8. a3 a5
9. b3 Re8 10. Nb5 Bf8 11. Bb2 b6 12. Qc2 h6 13. dxc5 bxc5 14. Rfd1 Bb7 15. Bxf6
gxf6 16. cxd5 exd5 17. Bc4 Ne5 18. Nxe5 fxe5 19. Nc3 d4 20. Qg6+ Kh8 21. Qxf7
Be7 22. Bd3 1-0

[Event "CN Seniori 2012"]
[Site "Sarata Monteoru/Romania"]
[Date "2012.02.13"]
[Round "1.51"]
[White "Soare, Cristel"]
[Black "Manole, Stefan"]
[Result "0-1"]
[WhiteElo "1519"]
[BlackElo "2082"]
[PlyCount "76"]
[EventDate "2012.??.??"]

1. e4 c6 2. d4 d5 3. Nc3 dxe4 4. Nxe4 Bf5 5. Ng3 Bg6 6. Nf3 Nd7 7. Bd3 Bxd3 8.
Qxd3 Ngf6 9. O-O e6 10. Bf4 Be7 11. Rfe1 O-O 12. h3 Qb6 13. b3 Rfd8 14. Be3 Qc7
15. Qf1 Rac8 16. Rac1 Qa5 17. a4 Bb4 18. Red1 Nd5 19. Bg5 Re8 20. Bd2 Bxd2 21.
Nxd2 Qc7 22. Nge4 Rcd8 23. Nc4 e5 24. dxe5 Nxe5 25. Nxe5 Rxe5 26. Qc4 Rde8 27.
Ng3 Qe7 28. Kh2 h5 29. Rd4 Qf6 30. Kg1 Re1+ 31. Rxe1 Rxe1+ 32. Nf1 Rxf1+ 33.
Qxf1 Qxd4 34. Kh2 f6 35. g3 h4 36. Qg2 hxg3+ 37. Qxg3 Qe5 38. Qxe5 fxe5 0-1

[Event "CN Seniori 2012"]
[Site "Sarata Monteoru/Romania"]
[Date "2012.02.13"]
[Round "1.53"]
[White "Puscas, Filip-Andrei"]
[Black "Popescu, Daniel-Vasilica"]
[Result "0-1"]
[WhiteElo "1420"]
[BlackElo "2069"]
[PlyCount "60"]
[EventDate "2012.??.??"]

1. e4 c5 2. Nf3 e6 3. d4 cxd4 4. Nxd4 Nf6 5. Nc3 Nc6 6. Be3 Bb4 7. Bd3 Qa5 8.
Qd2 d5 9. Nb3 Qd8 10. f3 O-O 11. O-O d4 12. e5 dxe3 13. Qxe3 Bxc3 14. exf6 Bxf6
15. Rad1 Qb6 16. Nc5 Bd4 17. Bxh7+ Kxh7 18. Rxd4 Nxd4 19. Qxd4 Bd7 20. Rd1 Rfd8
21. Qh4+ Kg8 22. Qe7 Bc6 23. Rxd8+ Rxd8 24. Kf1 Bb5+ 25. Ke1 Rd5 26. b4 Qd6 27.
Qxb7 Rd1+ 28. Kf2 Rd2+ 29. Ke1 Re2+ 30. Kf1 Qd1# 0-1

[Event "CN Seniori 2012"]
[Site "Sarata Monteoru/Romania"]
[Date "2012.02.14"]
[Round "2.1"]
[White "Parligras, Mircea-Emilian"]
[Black "Pessi, Emil-George"]
[Result "1-0"]
[WhiteElo "2650"]
[BlackElo "2272"]
[PlyCount "42"]
[EventDate "2012.??.??"]
[TimeControl "40/5400+30:900+30"]

1. d4 b5 2. e4 Bb7 3. Nd2 Nf6 4. e5 Nd5 5. Ngf3 a6 6. c3 e6 7. Nb3 Be7 8. Na5
Bc8 9. a4 c6 10. Nb3 Nb6 11. a5 Na4 12. Bd3 Qc7 13. c4 d6 14. exd6 Bxd6 15. c5
Bf4 16. O-O Nd7 17. Qc2 Nf6 18. Bxf4 Qxf4 19. Nc1 Nd5 20. Ne2 Qh6 21. b3 Nf6
1-0

[Event "CN Seniori 2012"]
[Site "Sarata Monteoru/Romania"]
[Date "2012.02.14"]
[Round "2.2"]
[White "Gilea, Lucian"]
[Black "Lupulescu, Constantin"]
[Result "0-1"]
[WhiteElo "2261"]
[BlackElo "2648"]
[PlyCount "60"]
[EventDate "2012.??.??"]
[TimeControl "40/5400+30:900+30"]

1. d4 Nf6 2. c4 e6 3. Nf3 c5 4. Nc3 cxd4 5. Nxd4 a6 6. a3 Qc7 7. e3 Nc6 8. b4
d5 9. Nxc6 bxc6 10. Bb2 Bd6 11. h3 O-O 12. Rc1 Qb8 13. c5 Bc7 14. e4 dxe4 15.
Bc4 Bf4 16. Rc2 e3 17. O-O a5 18. fxe3 Bxe3+ 19. Kh1 axb4 20. Rxf6 bxc3 21.
Bxc3 gxf6 22. Rf2 f5 23. Rf3 Bg5 24. Rxf5 f6 25. h4 Rxa3 26. hxg5 Rxc3 27. gxf6
Rxc4 28. f7+ Kh8 29. Qa1+ e5 30. Rxe5 Rc1+ 0-1

[Event "CN Seniori 2012"]
[Site "Sarata Monteoru/Romania"]
[Date "2012.02.14"]
[Round "2.3"]
[White "Vajda, Levente"]
[Black "Spulber, Cicirone"]
[Result "1-0"]
[WhiteElo "2594"]
[BlackElo "2244"]
[PlyCount "63"]
[EventDate "2012.??.??"]
[TimeControl "40/5400+30:900+30"]

1. e4 d5 2. exd5 Qxd5 3. Nc3 Qd6 4. d4 Nf6 5. Bc4 c6 6. Nge2 Bf5 7. Bf4 Qd8 8.
Ng3 Bg6 9. h4 h6 10. h5 Bh7 11. d5 cxd5 12. Nxd5 Nxd5 13. Bxd5 Nc6 14. O-O e6
15. Bxc6+ bxc6 16. Qg4 Qf6 17. Rfe1 Be7 18. Be5 Qg5 19. Qxg5 Bxg5 20. Bxg7 Rg8
21. Be5 Bxc2 22. Ne4 f5 23. Nxg5 Rxg5 24. f3 Rxh5 25. Rac1 Bd3 26. Rxc6 Rd8 27.
Rxe6+ Kf7 28. Rf6+ Kg8 29. Rg6+ Kf8 30. Rd6 Rxd6 31. Bxd6+ Kg8 32. Bf4 1-0

[Event "CN Seniori 2012"]
[Site "Sarata Monteoru/Romania"]
[Date "2012.02.14"]
[Round "2.4"]
[White "Mosnegutu, Klauss"]
[Black "Szabo, Gergely-Andras-Gyul"]
[Result "0-1"]
[WhiteElo "2246"]
[BlackElo "2554"]
[PlyCount "58"]
[EventDate "2012.??.??"]
[TimeControl "40/5400+30:900+30"]

1. d4 Nf6 2. c4 e6 3. Nf3 c5 4. Nc3 cxd4 5. Nxd4 Nc6 6. a3 Bc5 7. Nxc6 bxc6 8.
b4 Be7 9. c5 a5 10. Rb1 axb4 11. axb4 Ba6 12. g3 O-O 13. Bg2 Nd5 14. Bd2 Bf6
15. Ne4 Be5 16. O-O f5 17. Nd6 Qf6 18. Bxd5 exd5 19. Bf4 Bxf4 20. gxf4 Qh4 21.
f3 Qxf4 22. Qc2 Qe3+ 23. Rf2 f4 24. Rb3 Qd4 25. Kf1 Bc4 26. Rb1 Ra2 27. Qd1 Rd2
28. Qa4 Bxe2+ 29. Rxe2 Qd3 0-1